Statistics for Guess the sports

Click here to take the quiz!

General Stats

  • This quiz has been taken 51 times
  • The average score is 8 of 10

Answer Stats

Answer% Correct
Swimming
98%
Baseball
95%
Basketball
95%
Soccer
95%
Tennis
95%
Cricket
86%
Hockey
84%
Nascar
68%
F1
66%
Bike race
11%

Score Distribution

Percentile by Number Answered

Percent of People with Each Score

Your Score History

You have not taken this quiz